000 00621nam a22001817a 4500
005 20251108165002.0
008 250721s1995 xx 000 0 ara d
082 1 4 _a330.94/أوض
100 1 _aستارك، ليندا
_eed.
245 1 0 _aأوضاع العالم 1993 :
_bتقرير لمعهد ويرلدونش حول التقدم نحو مجتمع قابل للبقاء /
264 1 _aعمان :
_bدار البشير،
_c1995.
300 _a424ص
650 1 7 _aالأحوال الإقتصادية
650 1 7 _aالتاريخ
700 1 _aحجاج، علي حسين
_etran.
942 _2ddc
_cBK
999 _c19119
_d19119